| 000 | 00871nam a2200253 a 4500 | ||
|---|---|---|---|
| 001 | 58372 | ||
| 003 | BD-RjUL | ||
| 005 | 20211209080619.0 | ||
| 008 | 161218r19501946enk b 001 0 eng d | ||
| 035 | _a(BD-RjUL)58496 | ||
| 035 | _a945915 | ||
| 040 |
_aANL _beng _cANL _dBD-RjUL |
||
| 041 | _aeng | ||
| 082 |
_223 _a320.942 _bGOP 1950 |
||
| 100 | 1 |
_aGooch, G. P. _q(George Peabody), _d1873-1968. _9173363 |
|
| 245 | 1 | 0 |
_aPolitical thought in England from Bacon to Halifax / _cG. P. Gooch. |
| 260 |
_aLondon : _bOxford university press, _c1946 [reprinted1950]. |
||
| 300 |
_a202 p. ; _c17 cm. |
||
| 490 | 0 |
_aThe home university library of modern knowledge ; _v96 |
|
| 504 | _aIncludes index and Bibliography: p. 196-200. | ||
| 650 | 0 |
_aPolitical science _xHistory _zGreat Britain. _9173364 |
|
| 856 | _uThe home university library of modern knowledge | ||
| 942 |
_2ddc _cBK |
||
| 999 |
_c58372 _d58372 |
||